000 00457nam a2200169 a 4500
005 20140412111419.0
008 070906s19uu xx 00 eng d
020 _a971-630-114-6
050 _aFil E
_bSq4 2000
100 _aJimenez, Gidget
245 _aSquirt Magert :
_cGidget Jimenez.
_bthe fraidy frog /
260 _aPhilippines :
_bTahanan,
_c1999.
300 _aunp.
440 _aI like myself
650 _aChildren's stories
999 _c105963
_d105963